000 00621nam a2200193 4500
001 121231
003 ES-MaACL
005 20230906191720.0
007 t|
008 070214s1967 sp r ||||1| spa d
100 1 _aPrévot, Georges.
_993825
245 1 0 _aPedagogía de la cooperación escolar /
_cGeorges Prévot ; traducción... por M. Bages de Brachfeld ; revisión por H. Pardellans.
250 _a1ª ed.
260 _aBarcelona :
_bMiracle,
_c1967.
300 _a158 p. ;
_c19 cm.
700 1 _aBages de Brachfeld, María.
_924633
700 1 _aPardellans, H.
_988947
852 _aES-MaACL
_jC-51523
_bR.67629
999 _c121231
_d121231